Kritici vyčítajú projektu štátnej pokladnice veľkú centralizáciu

Prípravná fáza tretieho projektu slovenskej štátnej pokladnice. Autori za hlavnú výhodu považujú centralizáciu finančných tokov vo verejných financiách. Kritici vyzdvihujú niektoré výhody decentralizácie. Výdavky sa dostanú pod kontrolu ministerstva financií. Úspory z centralizácie. V súčasnosti v p...

Descrizione completa

Salvato in:
Dettagli Bibliografici
Autore principale: Apolen, Peter
Natura: Capitolo di libro
Lingua:slovacco
Soggetti:
Tags: Aggiungi Tag
Nessun Tag, puoi essere il primo ad aggiungerne!!

MARC

LEADER 00000naa a2200000 4500
001 r040977
005 20230921111042.5
041 0 |a slo 
044 |a SK 
245 1 0 |a Kritici vyčítajú projektu štátnej pokladnice veľkú centralizáciu  |c Peter Apolen 
520 |a Prípravná fáza tretieho projektu slovenskej štátnej pokladnice. Autori za hlavnú výhodu považujú centralizáciu finančných tokov vo verejných financiách. Kritici vyzdvihujú niektoré výhody decentralizácie. Výdavky sa dostanú pod kontrolu ministerstva financií. Úspory z centralizácie. V súčasnosti v praxi neexistuje zákon o štátnej pokladnici. Odporcovia centralizácie a ich dôvody. 
610 2 0 |a pokladnica štátna 
610 2 0 |a centralizácia 
610 2 0 |a decentralizácia 
610 2 0 |a výdavky 
610 2 0 |a kontrola 
610 2 0 |a financie verejné 
610 2 0 |a Slovensko 
100 1 |a Apolen, Peter